000 00975nam a2200397Ia 4500
001 6182
005 20240113233906.0
007 ta
008 050625s 197 a g b000 u eng u
020 _cPB
040 _aCotton College,Assam
041 _aeng
082 _a539.7
_bCo 66 Co
082 _a539.8
_bCo 66 Co
100 _aCohen, Bernard L. .
245 0 _aConcepts of Nuclear Physics /
_cBernard L. Cohen.
_hTextual Documents
250 _a1st ed. /
260 _aNew Delhi :
_bTata Mcgraw-Hill Publishing Company Ltd ,
_cC 1971.
300 _axii, 435p. :
_bill. ;
_c23cm .
504 _aIndex
653 _aPhysics
653 _aNuclear Physics
653 _aPG-Physics
653 _aG-Physics
942 _2ddc
_cBK
999 _c6169
_d6169